LDR 00612naa#a2200181#i#450# 001 EN\INFRA-M\bibl\106749 005 20260414180943.2 011 ## _a2500-333X 100 ## _a20251217b2025####ek#y0engy0150####ca 102 ## _aRU 200 1# _aLEGAL PROTECTION OF MOTHERHOOD AND CHILDHOOD DURING THE GREAT PATRIOTIC WAR _eJournal article 210 1# _aMoscow _cINFRA-M Academic Publishing LLC. _d2025 215 ## _a6 с. 608 ## _aJournal article _2local 675 ## _aПраво. Юридические науки. 34 _z 700 #1 _aKvartnikova _gOlesya Anatolyevna 700 #1 _aKravchuk _gElizaveta Aleksandrovna 856 4# _anaukaru.ru _u